|
|
|
|
| LEADER |
00751cam a2200229 7i4500 |
| 001 |
0000014469 |
| 005 |
20151104090000.0 |
| 005 |
##20151104114800.0 |
| 003 |
##MY-KlINT |
| 020 |
# |
# |
|a 9789673710355
|
| 039 |
# |
9 |
|y 201511041148
|z VLOAD
|
| 090 |
0 |
0 |
|a 775
|b HAD
|
| 100 |
1 |
# |
|a Hadiswa
|
| 245 |
1 |
0 |
|a Cara mudah membuat gambar digital dengan kamera saku /
|c Hadiswa; editor:Nazrah Bt. Mat Noh.
|
| 250 |
# |
# |
|a siri panduan praktik optimum siber dan elektronik terkini.
|
| 260 |
# |
# |
|a Kuala Lumpur:
|b Synergy Media,
|c [200?].
|
| 300 |
# |
# |
|a ix, 130ms:
|b il;
|c 23sm.
|
| 500 |
# |
# |
|a mengandungi bibliografi
|
| 650 |
# |
0 |
|a Photography --
|x Digital techniques
|
| 650 |
# |
0 |
|a Image processing
|
| 700 |
0 |
# |
|a Nazrah Mat Noh
|
| 999 |
|
|
|a 1202068121
|b BOOK
|c Main Non-Fiction
|e INTAN BK
|